MARC

LEADER 00000nas a2200000 a 4500
001 ssj0000463696
003 WaSeSS
005 20200512172242.0
006 m d
007 cr n
008 090416c19969999rm ar ss f0 0eng c
010 |a  2011255235 
016 7 |a 994364857  |2 DE-101 
016 7 |a 2496096-2  |2 DE-600 
035 |a (WaSeSS)ssj0000463696 
040 |a YAM  |b eng  |c YAM  |d OCLCQ  |d HEBIS  |d ZCU  |d SNU  |d OKU  |d DEBBG  |d GWDNB  |d CUS  |d OCLCF  |d OCLCO  |d OCLCQ  |d OCLCA  |d WaSeSS 
042 |a pcc 
043 |a e-rm--- 
050 1 4 |a QE39  |b .G345 
245 0 0 |a Geo-eco-marina  |h [electronic resource]. 
246 1 |a Geoecomarina 
246 1 |a Revista Geo-eco-marina 
260 |a București :  |b Institutul Național de Cercetare-Dezvoltare pentru Geologie și Geoecologie Marina,  |c [1996]- 
310 |a Annual,  |b 2005- 
321 |a Annual,  |b 1996-2001 
321 |a Two no. per year,  |b 2003-2004 
362 1 |a Began with 1 (1996). 
506 |a License restrictions may limit access. 
515 |a None published for 2002. 
546 |a In English. 
588 |a Description based on: 1 (1996); title from cover image (publisher Web site, viewed Apr. 15, 2011). 
588 |a Latest issue consulted: 16 (2010) (publisher Web site, viewed Apr. 15, 2011). 
650 0 |a Submarine geology  |v Periodicals. 
650 0 |a Marine ecology  |v Periodicals. 
650 0 |a Marine ecology  |z Romania  |v Periodicals. 
650 7 |a Marine ecology.  |2 fast  |0 (OCoLC)fst01009513 
650 7 |a Submarine geology.  |2 fast  |0 (OCoLC)fst01136619 
651 7 |a Romania.  |2 fast  |0 (OCoLC)fst01205085 
655 0 |a Electronic journals. 
710 2 |a Institutul Național de Cercetare-Dezvoltare pentru Geologie și Geoecologie Marina (Romania) 
776 0 8 |i Print version:  |t Geo-eco-marina  |x 1224-6808 
856 4 0 |z Full text available from Research Library: 01/01/2010 to present  |u https://search.proquest.com/publication/436316